000 01394ncm a2200349 c 4500
999 _c363683
_d363683
003 BLK
005 20241023005405.0
008 180414b bul |a|er|||| |0| c|bulo|
010 _aNOT00003360000
040 _aBLK
041 _aRUS
_cRUS
080 _aДуо цигулка и пиано
_b785.72:787.1:786.2
_z785.72:787.1:786.2
139 _aПедагогический репертуар
_bП 32
245 1 0 _aПедагогический репертуар для скрипки и фортепьяно
_b ДМШ 7- й класс
_cФ. Давид
260 _c1958
_9402828
_aМосква
_bГосударственное музыкальное издательство
300 _a11 с.
_c29 см
380 _a7
490 _9404213
_aПедагогический репертуар детской музыкальной школы
_gДля скрипки и фортепьяно
505 _t Ф. Давид. Капричио
_t Ф. Давид. Этюд
650 0 _aДуо - цигулка и пиано
_9353793
653 0 _9402793
_aфортепиано
700 _91311
_aУткин, Ю.
_eред.
852 _aЦб М ІІ 633
_p0
_bЦб
856 4 _qpdf
_u
856 4 _qpdf
_u
942 _cNOT
_n0
_s1
944 _aCR
_c2020-05-22
_k
_lCRON CRON
999 _d363683
999 _d363683
999 _d354023
999 _d318004